[Event "London Chess Classic: Blitz A"]
[Site "London"]
[Date "2019.12.08"]
[Round "5"]
[White "Joslin, Tim M"]
[Black "Klingher, Dominic"]
[Result "0-1"]
[WhiteElo "1787"]
[BlackElo "2189"]
[PlyCount "70"]
[EventDate "2019.12.08"]
[EventType "swiss (blitz)"]
[EventRounds "11"]
[EventCountry "ENG"]
[SourceTitle "EXT 2021"]
[Source "ChessBase"]
[SourceDate "2020.10.23"]
[SourceVersion "1"]
[SourceVersionDate "2020.10.23"]
[SourceQuality "1"]

1. e4 e6 2. Nf3 d5 3. Nc3 Nf6 4. e5 Nfd7 5. d4 c5 6. dxc5 Nc6 7. Bf4 Bxc5 8. Bd3 f6 9. exf6 Nxf6 10. 0-0 0-0 11. Bg5 a6 12. Re1 b5 13. Ne2 Qb6 14. Bh4 e5 15. Bxf6 Rxf6 16. Bxh7+ Kxh7 17. Qxd5 Bxf2+ 18. Kh1 Bf5 19. Rf1 Rd8 20. Ng5+ Kh8 21. Nf7+ Rxf7 22. Qxf7 Bh7 23. Rxf2 Nb4 24. Raf1 Nxc2 25. Ng3 Ne3 26. Qe7 Nxf1 27. Rf8+ Rxf8 28. Qxf8+ Bg8 29. Qxf1 Qd4 30. Nf5 Qg4 31. h3 Qg5 32. Qf3 Bxa2 33. Ng3 Bg8 34. Ne4 Qc1+ 35. Kh2 Qh6 0-1

[Event "London Chess Classic: Blitz A"]
[Site "London"]
[Date "2019.12.08"]
[Round "10"]
[White "Klingher, Dominic"]
[Black "Rishi, Thariani"]
[Result "0-1"]
[WhiteElo "2189"]
[BlackElo "2094"]
[PlyCount "118"]
[EventDate "2019.12.08"]
[EventType "swiss (blitz)"]
[EventRounds "11"]
[EventCountry "ENG"]
[SourceTitle "EXT 2021"]
[Source "ChessBase"]
[SourceDate "2020.10.23"]
[SourceVersion "1"]
[SourceVersionDate "2020.10.23"]
[SourceQuality "1"]

1. e4 c5 2. Nc3 a6 3. g3 b5 4. Bg2 Bb7 5. d3 b4 6. Nb1 Nf6 7. Ne2 d6 8. h3 e5 9. Be3 Be7 10. 0-0 0-0 11. f4 Nbd7 12. Nd2 Re8 13. f5 d5 14. g4 h6 15. Ng3 dxe4 16. Ndxe4 Nd5 17. Bd2 Bg5 18. Nd6 Ne3 19. Nxb7 Nxd1 20. Nxd8 Bxd2 21. Bxa8 Be3+ 22. Kg2 Nxb2 23. Rab1 Rxd8 24. Bc6 Bd4 25. Ne2 Nb8 26. Nxd4 Rxd4 27. Be8 Kf8 28. Bxf7 Nxd3 29. cxd3 Kxf7 30. Rf3 Nc6 31. Re1 a5 32. Kg3 a4 33. h4 b3 34. axb3 axb3 35. g5 hxg5 36. hxg5 b2 37. Rf2 Rxd3+ 38. Kg2 Rb3 39. Rb1 Nd4 40. Rfxb2 Rxb2+ 41. Rxb2 Nxf5 42. Kf3 Kg6 43. Kg4 Ne3+ 44. Kf3 Nf5 45. Ke4 Ng3+ 46. Kxe5 Kxg5 47. Rg2 Kg4 48. Kd5 g5 49. Kxc5 Kf3 50. Ra2 g4 51. Kd5 Ne2 52. Ra3+ Kf2 53. Ke5 Kg2 54. Kf5 g3 55. Kg4 Kf2 56. Rf3+ Ke1 57. Re3 g2 58. Kf3 g1Q 59. Rxe2+ Kd1 0-1

[Event "London Chess Classic: Blitz A"]
[Site "London"]
[Date "2019.12.08"]
[Round "11"]
[White "Mortazavi, Ali"]
[Black "Klingher, Dominic"]
[Result "1-0"]
[WhiteElo "2357"]
[BlackElo "2189"]
[PlyCount "53"]
[EventDate "2019.12.08"]
[EventType "swiss (blitz)"]
[EventRounds "11"]
[EventCountry "ENG"]
[SourceTitle "EXT 2021"]
[Source "ChessBase"]
[SourceDate "2020.10.23"]
[SourceVersion "1"]
[SourceVersionDate "2020.10.23"]
[SourceQuality "1"]

1. Nf3 d6 2. e4 Nf6 3. Nc3 Nbd7 4. d4 e5 5. Bc4 Be7 6. a4 c6 7. Ba2 h6 8. a5 Qc7 9. 0-0 Nf8 10. b4 g5 11. b5 Ng6 12. a6 g4 13. Ne1 h5 14. axb7 Bxb7 15. Rb1 h4 16. Bg5 g3 17. fxg3 hxg3 18. Bxf6 Rxh2 19. bxc6 Bxc6 20. Nd5 Bxd5 21. Bxd5 Nf4 22. Rxf4 exf4 23. Qg4 Bxf6 24. Qg8+ Kd7 25. Qxf7+ Kc8 26. Be6+ Kd8 27. Qf8# 1-0

[Event "London Chess Classic: Blitz A"]
[Site "London"]
[Date "2019.12.08"]
[Round "6"]
[White "Pert, Nicholas"]
[Black "Klingher, Dominic"]
[Result "0-1"]
[WhiteElo "2522"]
[BlackElo "2189"]
[PlyCount "143"]
[EventDate "2019.12.08"]
[EventType "swiss (blitz)"]
[EventRounds "11"]
[EventCountry "ENG"]
[SourceTitle "EXT 2021"]
[Source "ChessBase"]
[SourceDate "2020.10.23"]
[SourceVersion "1"]
[SourceVersionDate "2020.10.23"]
[SourceQuality "1"]

1. d4 Nf6 2. Nf3 d6 3. g3 g6 4. Bg2 Bg7 5. 0-0 0-0 6. Nc3 Nbd7 7. a4 c5 8. d5 a6 9. a5 Rb8 10. e4 b5 11. axb6 Nxb6 12. Re1 Ng4 13. h3 Ne5 14. Nxe5 Bxe5 15. Bh6 Re8 16. Qd3 e6 17. dxe6 Bxe6 18. b3 Qf6 19. Bd2 c4 20. bxc4 Nxc4 21. Re3 Nxe3 22. Qxe3 Bd4 23. Qf3 Qxf3 24. Bxf3 Bxh3 25. g4 Rb2 26. Rc1 Be5 27. Ne2 h5 28. gxh5 gxh5 29. Bxh5 Kh7 30. Ng3 Reb8 31. Kh2 Be6 32. f4 Bd4 33. f5 Bc4 34. Bf4 Rb1 35. Rxb1 Rxb1 36. Bxd6 Rc1 37. e5 Rxc2+ 38. Kh3 Bd5 39. Bg4 Bg2+ 40. Kh4 Bf2 41. e6 fxe6 42. fxe6 Rc3 43. e7 Re3 44. Kg5 Bxg3 45. Bf5+ Kg7 46. Bd7 Bxd6 47. e8Q Rxe8 48. Bxe8 a5 49. Kf5 Bd5 50. Ba4 Kf7 51. Bc2 Ke7 52. Ba4 Kd8 53. Bb5 Kc7 54. Ba4 Kb6 55. Kf6 Kc5 56. Kf5 Kb4 57. Be8 a4 58. Bxa4 Kxa4 59. Kf6 Kb5 60. Kf5 Kc4 61. Kf6 Kd4 62. Kf5 Be5 63. Kg5 Ke4 64. Kg4 Be6+ 65. Kg5 Bf5 66. Kh5 Bf4 67. Kh4 Kf3 68. Kh5 Bd2 69. Kh4 Bf4 70. Kh5 Be3 71. Kh4 Bf4 72. Kh5 0-1

[Event "Nottingham 4NCL op 20th"]
[Site "Nottingham"]
[Date "2018.09.29"]
[Round "3"]
[White "Klingher, Dominic"]
[Black "Makkar, Rajat"]
[Result "1-0"]
[WhiteElo "2121"]
[BlackElo "2000"]
[PlyCount "99"]
[EventDate "2018.09.28"]
[EventType "swiss"]
[EventRounds "5"]
[EventCountry "ENG"]
[SourceTitle "CBM 186 Extra"]
[Source "ChessBase"]
[SourceDate "2018.08.24"]
[SourceVersion "1"]
[SourceVersionDate "2018.08.24"]
[SourceQuality "1"]

1. e4 e5 2. Bc4 Nf6 3. d3 c6 4. Nf3 d5 5. exd5 cxd5 6. Bb3 Bb4+ 7. c3 Bd6 8. Bg5 Be6 9. 0-0 0-0 10. Re1 Nbd7 11. Nbd2 Qc7 12. h3 h6 13. Bh4 Bf5 14. Nf1 Bh7 15. Ne3 Qa5 16. d4 e4 17. Ne5 Nxe5 18. Bxf6 gxf6 19. dxe5 Bxe5 20. Qh5 Kg7 21. Bxd5 f5 22. Rad1 Rad8 23. Bb3 Bg6 24. Qe2 Qc5 25. Rxd8 Rxd8 26. Rd1 Rxd1+ 27. Qxd1 f4 28. Qd5 Bd6 29. Nf5+ Kf6 30. Qxd6+ Qxd6 31. Nxd6 b6 32. Nc8 e3 33. fxe3 fxe3 34. Kf1 Ke5 35. Nxa7 Kf4 36. Bd5 Ke5 37. Bf3 Bb1 38. a3 Bd3+ 39. Ke1 Kf4 40. Nc6 f5 41. Nb4 Bc4 42. Nd5+ Bxd5 43. Bxd5 Ke5 44. Bf3 Kd6 45. g3 Kc5 46. Bd1 Kd5 47. Ke2 f4 48. gxf4 Ke4 49. f5 Kxf5 50. Kxe3 1-0

[Event "BCF-chT1d 1718 (4NCL) Demotion pool"]
[Site "England"]
[Date "2018.05.06"]
[Round "10.74"]
[White "Klingher, Dominic"]
[Black "Lee, Richard WY"]
[Result "1/2-1/2"]
[WhiteElo "2167"]
[BlackElo "2149"]
[PlyCount "159"]
[EventDate "2017.11.11"]
[EventType "team-swiss"]
[EventRounds "11"]
[EventCountry "ENG"]
[SourceTitle "EXT 2019"]
[Source "ChessBase"]
[SourceDate "2018.10.10"]
[SourceVersion "1"]
[SourceVersionDate "2018.10.10"]
[SourceQuality "1"]
[WhiteTeam "Barbican II"]
[BlackTeam "Cambridge University"]
[WhiteTeamCountry "ENG"]
[BlackTeamCountry "ENG"]

1. e4 e6 2. d3 d5 3. Nd2 Nf6 4. Ngf3 Be7 5. g3 c5 6. Bg2 Nc6 7. 0-0 0-0 8. e5 Nd7 9. Re1 b5 10. Nf1 Qc7 11. Bf4 a5 12. h4 b4 13. h5 Ba6 14. Ne3 a4 15. a3 Qa5 16. Bh3 Ra7 17. Ng2 bxa3 18. bxa3 Rb8 19. Bd2 Qc7 20. Nf4 Re8 21. h6 g6 22. Nxe6 fxe6 23. Bxe6+ Kf8 24. Bxd5 Ncxe5 25. Nxe5 Nxe5 26. Bc3 Bf6 27. f4 Nf3+ 28. Qxf3 Bxc3 29. Rxe8+ Kxe8 30. Rb1 Bc8 31. Bc4 Qe7 32. f5 Kd8 33. fxg6 hxg6 34. Rf1 Rd7 35. Bb5 Rd6 36. Bxa4 Bd4+ 37. Kh2 Bb7 38. Qf8+ Qxf8 39. Rxf8+ Ke7 40. Re8+ Kf6 41. h7 Kg5 42. h8Q Bxh8 43. Rxh8 Ra6 44. Rh4 Bd5 45. Rf4 Re6 46. Kg1 Re1+ 47. Kf2 Ra1 48. Bb3 Bxb3 49. cxb3 Rxa3 50. Rc4 Rxb3 51. Rxc5+ Kg4 52. Rc4+ Kf5 53. Ke3 Rb1 54. Rf4+ Kg5 55. Ke4 Re1+ 56. Kf3 Rf1+ 57. Ke3 Re1+ 58. Kf2 Rd1 59. d4 Rd3 60. Kg2 Ra3 61. Kh3 Rd3 62. Re4 Kf5 63. Re5+ Kf6 64. Rd5 Ke6 65. Rg5 Rxd4 66. Rxg6+ Kf7 67. Rb6 Kg7 68. g4 Ra4 69. Kh4 Ra5 70. Rc6 Kh7 71. g5 Ra1 72. Kg4 Kg7 73. Rd6 Rb1 74. Rd4 Kg6 75. Rd6+ Kg7 76. Kf5 Rf1+ 77. Kg4 Ra1 78. Rf6 Rb1 79. Rf4 Kg6 80. Rf6+ 1/2-1/2

[Event "Jersey op"]
[Site "St Clement Bay"]
[Date "2018.04.03"]
[Round "5.7"]
[White "Klingher, Dominic"]
[Black "Vogt, Lothar"]
[Result "0-1"]
[WhiteElo "2173"]
[BlackElo "2402"]
[PlyCount "54"]
[EventDate "2018.03.31"]
[EventType "swiss"]
[EventRounds "9"]
[EventCountry "GCI"]
[SourceTitle "CBM 183 Extra"]
[Source "ChessBase"]
[SourceDate "2018.04.19"]
[SourceVersion "1"]
[SourceVersionDate "2018.04.19"]
[SourceQuality "1"]

1. e4 c5 2. Nf3 e6 3. d3 Nc6 4. g3 d6 5. Bg2 Nf6 6. 0-0 Be7 7. Re1 Bd7 8. c3 0-0 9. d4 cxd4 10. cxd4 d5 11. exd5 Nxd5 12. Nc3 Nxc3 13. bxc3 Rc8 14. Rb1 b6 15. Bf4 Bf6 16. Qd3 Na5 17. Qa6 Rxc3 18. Qxa7 Bc6 19. Re3 Rxe3 20. fxe3 Nc4 21. Rc1 b5 22. a4 g5 23. Bc7 Qd7 24. Qc5 Be7 25. Qa7 Ra8 26. Ne5 Rxa7 27. Nxd7 Bxd7 0-1

[Event "BCF-chT2a 1718 (4NCL)"]
[Site "England"]
[Date "2018.03.17"]
[Round "7.11"]
[White "Klingher, Dominic"]
[Black "Antoniewski, Rafal"]
[Result "0-1"]
[WhiteElo "2222"]
[BlackElo "2529"]
[PlyCount "70"]
[EventDate "2017.11.11"]
[EventType "team-tourn"]
[EventRounds "7"]
[EventCountry "ENG"]
[SourceTitle "EXT 2020"]
[Source "ChessBase"]
[SourceDate "2019.10.17"]
[SourceVersion "1"]
[SourceVersionDate "2019.10.17"]
[SourceQuality "1"]
[WhiteTeam "Barbican Youth"]
[BlackTeam "Manx Liberty"]
[WhiteTeamCountry "ENG"]
[BlackTeamCountry "ENG"]

1. e4 c5 2. Nf3 d6 3. d4 cxd4 4. Nxd4 Nf6 5. Nc3 Nc6 6. h3 e6 7. Be3 a6 8. g4 h6 9. Bg2 Nd7 10. 0-0 g5 11. Nxc6 bxc6 12. Qd4 Ne5 13. Rad1 Qc7 14. Bc1 Be7 15. f4 gxf4 16. Bxf4 Qa7 17. Bxe5 dxe5 18. Qxa7 Rxa7 19. Rf3 h5 20. gxh5 Rxh5 21. Na4 Rb7 22. a3 a5 23. Rc3 Rc7 24. Nb6 Ba6 25. Kh2 Be2 26. Rd2 Bb5 27. Bf3 Bg5 28. Rg2 Bf4+ 29. Kg1 Rxh3 30. Rg8+ Ke7 31. Nc8+ Kf6 32. Nd6 Rd7 33. Ne8+ Ke7 34. Ng7 Rg3+ 35. Kh1 Rd2 0-1

[Event "Rilton Cup 47th"]
[Site "Stockholm"]
[Date "2018.01.03"]
[Round "7"]
[White "Fenil, Shah"]
[Black "Klingher, Dominic"]
[Result "1-0"]
[WhiteElo "2324"]
[BlackElo "2153"]
[PlyCount "69"]
[EventDate "2017.12.27"]
[EventType "swiss"]
[EventRounds "9"]
[EventCountry "SWE"]
[SourceTitle "CBM 182 Extra"]
[Source "ChessBase"]
[SourceDate "2018.02.23"]
[SourceVersion "1"]
[SourceVersionDate "2018.02.23"]
[SourceQuality "1"]

1. e4 e6 2. d4 d5 3. Nd2 Nf6 4. e5 Nfd7 5. Bd3 c5 6. c3 Nc6 7. Ne2 cxd4 8. cxd4 f6 9. exf6 Nxf6 10. Nf3 Bd6 11. 0-0 Qc7 12. Nc3 a6 13. Bd2 0-0 14. Rc1 Bd7 15. Re1 h6 16. Na4 Ng4 17. g3 Rf6 18. Bf1 Raf8 19. Bg2 Be8 20. Nc5 Bxc5 21. Rxc5 Qb6 22. Bf4 Bh5 23. Qd2 Nxf2 24. Qxf2 g5 25. Bd6 R8f7 26. Be5 Rf5 27. Qc2 Bxf3 28. Bxf3 Rxf3 29. Qg6+ Kf8 30. Bd6+ Re7 31. Bxe7+ Nxe7 32. Qxh6+ Kg8 33. Qxg5+ Kf8 34. Qh6+ Kg8 35. Qxe6+ 1-0

[Event "London Classic op"]
[Site "London"]
[Date "2017.12.06"]
[Round "6"]
[White "Martins, David Pires Tavares"]
[Black "Klingher, Dominic"]
[Result "1-0"]
[WhiteElo "2400"]
[BlackElo "2153"]
[PlyCount "71"]
[EventDate "2017.12.02"]
[EventType "swiss"]
[EventRounds "9"]
[EventCountry "ENG"]
[SourceTitle "CBM 182 Extra"]
[Source "ChessBase"]
[SourceDate "2018.02.23"]
[SourceVersion "1"]
[SourceVersionDate "2018.02.23"]
[SourceQuality "1"]

1. e4 e6 2. d4 d5 3. Nd2 Nf6 4. e5 Nfd7 5. c3 c5 6. f4 Nc6 7. Ndf3 Be7 8. Bd3 Qb6 9. Ne2 f6 10. a3 a5 11. Bc2 cxd4 12. cxd4 Qd8 13. 0-0 f5 14. Ng5 Nf8 15. Nc3 Bxg5 16. fxg5 Qb6 17. Be3 Nxe5 18. Re1 Nc4 19. Bxf5 exf5 20. Nxd5 Qc6 21. Nc7+ Kf7 22. Nxa8 b5 23. Qf3 Qxf3 24. gxf3 f4 25. Bxf4 Ne6 26. b3 Nxf4 27. bxc4 bxc4 28. Nb6 Ba6 29. Re5 Kg6 30. Rxa5 Bb7 31. Nxc4 Rd8 32. Rb1 Bc8 33. Rb8 Nh3+ 34. Kg2 Nxg5 35. Kg3 h5 36. Rb6+ 1-0

[Event "London Classic op"]
[Site "London"]
[Date "2017.12.03"]
[Round "3"]
[White "Klingher, Dominic"]
[Black "McDonald, Neil R"]
[Result "0-1"]
[WhiteElo "2153"]
[BlackElo "2397"]
[PlyCount "108"]
[EventDate "2017.12.02"]
[EventType "swiss"]
[EventRounds "9"]
[EventCountry "ENG"]
[SourceTitle "CBM 182 Extra"]
[Source "ChessBase"]
[SourceDate "2018.02.23"]
[SourceVersion "1"]
[SourceVersionDate "2018.02.23"]
[SourceQuality "1"]

1. e4 d5 2. exd5 Qxd5 3. Nc3 Qd6 4. g3 Nf6 5. Bg2 g6 6. Nge2 Bg7 7. 0-0 0-0 8. d4 c6 9. Bf4 Qd8 10. Qd2 Bf5 11. Rfe1 Nbd7 12. h3 Re8 13. g4 Be6 14. Bh6 Bc4 15. Bxg7 Kxg7 16. b3 Bxe2 17. Rxe2 e6 18. Rae1 h6 19. f4 Qa5 20. Ne4 Qxd2 21. Nxd2 h5 22. Bf3 hxg4 23. hxg4 Rh8 24. Rh2 Nd5 25. Bxd5 cxd5 26. f5 Rxh2 27. Kxh2 gxf5 28. gxf5 exf5 29. c4 Kf6 30. Kg3 Rd8 31. c5 Nf8 32. b4 Ne6 33. Nf3 Rg8+ 34. Kf2 Rg4 35. Rd1 Rf4 36. Ke3 Re4+ 37. Kf2 Nf4 38. Ne5 Nh3+ 39. Kg2 Ng5 40. b5 Re2+ 41. Kf1 Rc2 42. Nd3 Ne4 43. Nb4 Rb2 44. Nxd5+ Kg5 45. a4 f4 46. Kg1 f3 47. Ne3 Ng3 48. Rf1 Nxf1 49. Nxf1 Kf4 50. d5 Rg2+ 51. Kh1 Rg8 52. c6 bxc6 53. dxc6 f2 54. Kh2 Kf3 0-1

[Event "BCF-ch rapidplay 31st"]
[Site "Ilkley"]
[Date "2017.11.19"]
[Round "10"]
[White "Grattage, Matthew"]
[Black "Klingher, Dominic"]
[Result "1-0"]
[WhiteElo "2017"]
[BlackElo "2167"]
[PlyCount "165"]
[EventDate "2017.11.18"]
[EventType "swiss (rapid)"]
[EventRounds "10"]
[EventCountry "ENG"]
[SourceTitle "EXT 2019"]
[Source "ChessBase"]
[SourceDate "2018.10.10"]
[SourceVersion "1"]
[SourceVersionDate "2018.10.10"]
[SourceQuality "1"]

1. d4 Nf6 2. Bf4 d6 3. Nf3 Nbd7 4. e3 g6 5. Nbd2 Bg7 6. Be2 0-0 7. 0-0 b6 8. b4 c5 9. bxc5 bxc5 10. c3 Nd5 11. Qb3 Nxf4 12. exf4 cxd4 13. Nxd4 Nc5 14. Qc2 Bb7 15. Bf3 Bxf3 16. N2xf3 Rc8 17. Rfe1 e6 18. Rad1 Qa5 19. c4 Na4 20. Nb3 Qc7 21. Nbd4 Qxc4 22. Qxc4 Rxc4 23. Nb5 d5 24. g3 Rb8 25. Rb1 Rc2 26. Nxa7 Rxb1 27. Rxb1 Rxa2 28. Rb8+ Bf8 29. Ne5 Nc5 30. Nac6 Ra6 31. Rc8 f6 32. Ng4 Ne4 33. f3 Ra1+ 34. Kg2 Ra2+ 35. Kg1 h5 36. fxe4 hxg4 37. exd5 exd5 38. Ne7+ Kf7 39. Nxd5 Bd6 40. Ne3 f5 41. Nc4 Bb4 42. Ne5+ Ke6 43. Nxg6 Kd5 44. Nh4 Ke4 45. Re8+ Kd3 46. h3 Bc5+ 47. Kh1 Ra1+ 48. Kg2 Ra2+ 49. Kh1 Ra1+ 50. Kh2 Ra2+ 51. Ng2 Ra1 52. hxg4 fxg4 53. Re1 Rxe1 54. Nxe1+ Ke2 55. Ng2 Kf1 56. Nh4 Bg1+ 57. Kh1 Bf2 58. Nf5 Be1 59. Kh2 Ke2 60. Kg2 Kd3 61. Nh6 Ke4 62. Nxg4 Bd2 63. Nf2+ Kf5 64. Kf3 Bb4 65. g4+ Kg6 66. Nd3 Bc3 67. f5+ Kg5 68. Nf2 Be5 69. Ne4+ Kh6 70. Nc5 Kg5 71. Ne6+ Kf6 72. Ke4 Bd6 73. g5+ Ke7 74. Nf4 Kf7 75. f6 Bb4 76. Kf5 Bc3 77. g6+ Kg8 78. f7+ Kf8 79. Ne6+ Ke7 80. f8Q+ Kd7 81. Qd8+ Kc6 82. Qc7+ Kd5 83. Qc5# 1-0

[Event "BCF-ch rapidplay 31st"]
[Site "Ilkley"]
[Date "2017.11.18"]
[Round "3"]
[White "Alsina Leal, Daniel"]
[Black "Klingher, Dominic"]
[Result "0-1"]
[WhiteElo "2507"]
[BlackElo "2167"]
[PlyCount "132"]
[EventDate "2017.11.18"]
[EventType "swiss (rapid)"]
[EventRounds "10"]
[EventCountry "ENG"]
[SourceTitle "EXT 2019"]
[Source "ChessBase"]
[SourceDate "2018.10.10"]
[SourceVersion "1"]
[SourceVersionDate "2018.10.10"]
[SourceQuality "1"]

1. e4 e6 2. d4 d5 3. Nd2 Nf6 4. e5 Nfd7 5. Bd3 c5 6. c3 Nc6 7. Ne2 cxd4 8. cxd4 f6 9. exf6 Nxf6 10. 0-0 Bd6 11. Nf3 Qc7 12. g3 0-0 13. Bf4 Bd7 14. Rc1 Be8 15. Ne5 Nh5 16. Nxc6 bxc6 17. Bxd6 Qxd6 18. f4 Nf6 19. Qc2 Rb8 20. b3 Qb4 21. Qc3 Qa3 22. Rc2 Rb6 23. Qc5 Qxc5 24. Rxc5 Kf7 25. Ra5 Rb7 26. Nc3 Ke7 27. Bc2 Kd6 28. a3 Nd7 29. b4 h6 30. Na4 g5 31. fxg5 Rxf1+ 32. Kxf1 hxg5 33. Nc5 Nxc5 34. Rxc5 e5 35. dxe5+ Kxe5 36. Rc3 Rf7+ 37. Ke2 Bd7 38. Re3+ Kd4 39. Rd3+ Ke5 40. Re3+ Kd4 41. Rd3+ Ke5 42. Re3+ Kd6 43. Bd3 Bg4+ 44. Ke1 c5 45. bxc5+ Kxc5 46. Re8 Kd4 47. Bf1 Rb7 48. Rg8 Rb2 49. h4 Bf3 50. Rc8 gxh4 51. gxh4 Rb3 52. Kf2 Rxa3 53. Rf8 Be4 54. h5 Ra2+ 55. Kg3 Ke3 56. h6 d4 57. Re8 Ra3 58. Kg4 d3 59. Bg2 Ra4 60. h7 d2 61. Bf3 Kf2 62. Bd1 Bf3+ 63. Kg5 Rg4+ 64. Kh5 Rg8+ 65. Bxf3 Rxe8 66. Bg4 Ke1 0-1

[Event "ENG Terafinal"]
[Site "Daventry"]
[Date "2017.08.13"]
[Round "4"]
[White "Klingher, Dominic"]
[Black "Choong, Han Sen"]
[Result "1-0"]
[WhiteElo "200"]
[BlackElo "143"]
[PlyCount "93"]
[EventDate "2017.08.12"]
[EventType "swiss"]
[EventRounds "6"]
[EventCountry "ENG"]
[SourceTitle "CBM 179 Extra"]
[Source "ChessBase"]
[SourceDate "2017.08.23"]
[SourceVersion "1"]
[SourceVersionDate "2017.08.23"]
[SourceQuality "1"]

1. e4 b6 2. d4 Bb7 3. Nc3 e6 4. f3 Nf6 5. Bg5 Be7 6. Bd3 d5 7. e5 Nfd7 8. Bxe7 Qxe7 9. Nge2 0-0 10. Nb5 Rc8 11. c3 a6 12. Na3 c5 13. f4 Nc6 14. Bb1 cxd4 15. Nxd4 Nc5 16. 0-0 Nxd4 17. Qxd4 Qh4 18. Nc2 a5 19. Rf3 Qd8 20. Ne3 Ne4 21. f5 b5 22. f6 g6 23. Ng4 Qf8 24. Rh3 h5 25. Ne3 Qh6 26. Bxe4 dxe4 27. Rd1 Bc6 28. Qd6 Ra7 29. Qc5 Rb7 30. Rd6 Qf8 31. g4 Bd5 32. Qd4 Bxa2 33. gxh5 g5 34. Rg3 Qh6 35. h4 Kh7 36. Qxe4+ Kh8 37. Qxb7 Rf8 38. hxg5 Qxh5 39. Qh1 Qxh1+ 40. Kxh1 Bb1 41. Rh3+ Kg8 42. Ng4 Re8 43. Rd2 Bh7 44. Rdh2 Rd8 45. Rxh7 Rd1+ 46. Kg2 Rd2+ 47. Nf2 1-0

[Event "ENG Terafinal"]
[Site "Daventry"]
[Date "2017.08.12"]
[Round "3"]
[White "Han, Yichen"]
[Black "Klingher, Dominic"]
[Result "0-1"]
[WhiteElo "178"]
[BlackElo "200"]
[PlyCount "48"]
[EventDate "2017.08.12"]
[EventType "swiss"]
[EventRounds "6"]
[EventCountry "ENG"]
[SourceTitle "CBM 179 Extra"]
[Source "ChessBase"]
[SourceDate "2017.08.23"]
[SourceVersion "1"]
[SourceVersionDate "2017.08.23"]
[SourceQuality "1"]

1. e4 e6 2. d4 d5 3. Nc3 Nf6 4. Bg5 dxe4 5. Nxe4 Be7 6. Bxf6 gxf6 7. Nf3 a6 8. Bd3 b5 9. c3 Bb7 10. Qe2 Nd7 11. 0-0-0 Nb6 12. Nc5 Bd5 13. Be4 Qd6 14. Rhe1 Qc6 15. Nb3 b4 16. Bxd5 Nxd5 17. Na5 Qa4 18. Qc4 Qxa5 19. Qc6+ Kf8 20. Qxa8+ Kg7 21. Qc6 bxc3 22. Qc4 Rb8 23. Rd3 Rb4 24. Qc6 Qxa2 0-1

[Event "BCF-chT2 1617 (4NCL) Demotion pool"]
[Site "England"]
[Date "2017.04.30"]
[Round "10.62"]
[White "Klingher, Dominic"]
[Black "Ward, Christopher"]
[Result "0-1"]
[WhiteElo "2116"]
[BlackElo "2438"]
[PlyCount "112"]
[EventDate "2016.11.19"]
[EventType "team-tourn"]
[EventRounds "11"]
[EventCountry "ENG"]
[SourceTitle "EXT 2019"]
[Source "ChessBase"]
[SourceDate "2018.10.10"]
[SourceVersion "1"]
[SourceVersionDate "2018.10.10"]
[SourceQuality "1"]
[WhiteTeam "Barbican Youth"]
[BlackTeam "KJCA Kings"]
[WhiteTeamCountry "ENG"]
[BlackTeamCountry "ENG"]

1. e4 c5 2. Nf3 d6 3. g3 Nc6 4. Bg2 g6 5. 0-0 Bg7 6. d3 e5 7. Nc3 Nge7 8. Be3 0-0 9. Qd2 Nd4 10. Ne2 Bg4 11. Nexd4 cxd4 12. Bh6 Bxh6 13. Qxh6 Bxf3 14. Bxf3 Rc8 15. Rac1 Qb6 16. Bg4 f5 17. Bh3 d5 18. exf5 Nxf5 19. Qg5 h6 20. Qd2 Kg7 21. Rfe1 Qd6 22. Re2 Rce8 23. Rce1 Re7 24. Qa5 b6 25. Qb5 Rfe8 26. Bg2 Rd8 27. g4 Nh4 28. f4 e4 29. dxe4 Qxf4 30. Qb4 Rde8 31. Qxd4+ Kh7 32. Rf1 Qxg4 33. Ref2 Rg7 34. h3 Qg3 35. exd5 Nxg2 36. Rxg2 Qxh3 37. c4 Re3 38. Qf4 g5 39. Qf2 Rd3 40. Re1 h5 41. Qc2 Qf3 42. Qe2 Qxe2 43. Rgxe2 Kg6 44. Re6+ Kf5 45. Kf2 Rd4 46. b3 h4 47. R1e5+ Kf4 48. Ke2 h3 49. Re3 Rh7 50. Rf6+ Kg4 51. Rf1 h2 52. Rh1 Rh3 53. Re7 Kg3 54. Re5 g4 55. Rf1 h1Q 56. Re3+ Kh2 0-1

[Event "Southend Easter op 61st"]
[Site "Southend"]
[Date "2017.04.14"]
[Round "1"]
[White "Watson, Jacob"]
[Black "Klingher, Dominic"]
[Result "0-1"]
[WhiteElo "1791"]
[BlackElo "2116"]
[PlyCount "96"]
[EventDate "2017.04.14"]
[EventType "swiss"]
[EventRounds "7"]
[EventCountry "ENG"]
[SourceTitle "CBM 177 Extra"]
[Source "ChessBase"]
[SourceDate "2017.04.27"]
[SourceVersion "1"]
[SourceVersionDate "2017.04.27"]
[SourceQuality "1"]

1. d4 Nf6 2. Nf3 d6 3. Nc3 Nbd7 4. e4 e5 5. Bc4 Be7 6. 0-0 h6 7. Re1 c6 8. a4 Qc7 9. Qe2 0-0 10. h3 Re8 11. Be3 Bf8 12. Qd2 Nb6 13. Bb3 Be6 14. d5 cxd5 15. exd5 Bd7 16. Bxb6 Qxb6 17. a5 Qd8 18. Ba4 g6 19. Qd3 Nh5 20. Bxd7 Qxd7 21. Qb5 Qxb5 22. Nxb5 Rec8 23. Nc3 f5 24. g3 Nf6 25. Nd2 Kf7 26. Ra4 Bg7 27. Rb4 Rab8 28. Nc4 Ke7 29. f4 e4 30. g4 Ne8 31. Ne3 Kf6 32. Ne2 Nc7 33. Ng3 Na6 34. Rc4 Rxc4 35. Nxc4 Nb4 36. Re2 Nxd5 37. Rd2 Nxf4 38. Rxd6+ Kg5 39. gxf5 gxf5 40. h4+ Kg4 41. Kh2 Rc8 42. Ne3+ Kf3 43. Nexf5 Rxc2+ 44. Kh1 Be5 45. Rd1 Nh3 46. Rf1+ Rf2 47. Rxf2+ Nxf2+ 48. Kh2 e3 0-1

[Event "Jersey op"]
[Site "St Clement Bay"]
[Date "2017.04.06"]
[Round "7"]
[White "Klingher, Dominic"]
[Black "Rudd, Jack"]
[Result "0-1"]
[WhiteElo "2116"]
[BlackElo "2177"]
[PlyCount "56"]
[EventDate "2017.04.01"]
[EventType "swiss"]
[EventRounds "9"]
[EventCountry "GCI"]
[SourceTitle "CBM 177 Extra"]
[Source "ChessBase"]
[SourceDate "2017.04.27"]
[SourceVersion "1"]
[SourceVersionDate "2017.04.27"]
[SourceQuality "1"]

1. d3 e5 2. Nd2 f5 3. e4 Nf6 4. Ngf3 Nc6 5. Be2 Bc5 6. c3 d6 7. b4 Bb6 8. a4 a6 9. 0-0 0-0 10. Nc4 Ba7 11. Qc2 Ne7 12. Ba3 Ng6 13. Rfd1 Nf4 14. Bf1 Qe8 15. b5 fxe4 16. dxe4 Qg6 17. b6 Nh3+ 18. Kh1 Nxe4 19. Rd2 Rxf3 20. gxh3 Bf5 21. Qa2 Nxd2 22. Nxd2+ Be6 23. Bc4 Rxf2 24. Bxe6+ Kh8 25. Rg1 Qd3 26. Bc1 Bxb6 27. Qc4 Rxd2 28. Qg4 Bxg1 0-1

[Event "Jersey op"]
[Site "St Clement Bay"]
[Date "2017.04.01"]
[Round "1"]
[White "Klingher, Dominic"]
[Black "Spanton, Timothy"]
[Result "1-0"]
[WhiteElo "2116"]
[BlackElo "1927"]
[PlyCount "99"]
[EventDate "2017.04.01"]
[EventType "swiss"]
[EventRounds "9"]
[EventCountry "GCI"]
[SourceTitle "CBM 177 Extra"]
[Source "ChessBase"]
[SourceDate "2017.04.27"]
[SourceVersion "1"]
[SourceVersionDate "2017.04.27"]
[SourceQuality "1"]

1. e4 e5 2. Nc3 Nf6 3. f4 d5 4. fxe5 Nxe4 5. Nf3 Be7 6. d4 0-0 7. Bd3 Nxc3 8. bxc3 f6 9. 0-0 Nc6 10. Bf4 Bg4 11. Qe1 fxe5 12. Nxe5 Nxe5 13. Qxe5 Bf6 14. Qe3 Qd7 15. Qg3 c6 16. h3 Bh5 17. Bd6 Be7 18. Be5 Ba3 19. Qg5 Bg6 20. Bxg6 hxg6 21. Qxg6 Bb2 22. Rae1 Bxc3 23. Re3 Rxf1+ 24. Kxf1 Rf8+ 25. Kg1 Bb4 26. Rg3 Rf7 27. Rg5 Bd2 28. Rg4 Qe8 29. h4 c5 30. Qd3 Bb4 31. h5 cxd4 32. Qg3 Bf8 33. h6 Qd7 34. hxg7 Bxg7 35. Bxd4 b6 36. c3 Qc7 37. Rxg7+ Rxg7 38. Qxg7+ Qxg7 39. Bxg7 Kxg7 40. Kf2 Kf6 41. Ke3 Ke5 42. g4 b5 43. g5 Kf5 44. Kd4 Kxg5 45. Kxd5 Kf4 46. Kc5 a6 47. Kb6 Ke3 48. Kxa6 Kd3 49. Kxb5 Kxc3 50. a4 1-0